Английский язык для специальных и академических целей. Книга для преподавателя: учебно-методическое пособие

التفاصيل البيبلوغرافية
المؤلف الرئيسي: Беленюк Н. А. Наталья Александровна
مؤلف مشترك: Национальный исследовательский Томский политехнический университет (ТПУ)
الملخص:Заглавие с титульного экрана
Электронная версия печатной публикации
Книга для преподавателя предлагает полное описание целей и задач каждого раздела, методические комментарии и рекомендации по использованию материала. Пособие содержит практический материал по курсу «Английский язык для специальных и академических целей» и предназначен для студентов экономических специальностей (уровень В2 и выше).
Режим доступа: из корпоративной сети ТПУ
اللغة:الإنجليزية
منشور في: Томск, Изд-во ТПУ, 2010
الموضوعات:
الوصول للمادة أونلاين:http://www.lib.tpu.ru/fulltext2/m/2011/m136.pdf
التنسيق: الكتروني كتاب
KOHA link:https://koha.lib.tpu.ru/cgi-bin/koha/opac-detail.pl?biblionumber=194734

MARC

LEADER 00000nlm0a2200000 4500
001 194734
005 20231101224557.0
035 |a (RuTPU)RU\TPU\book\212410 
090 |a 194734 
100 |a 20110421d2010 m y0rusy50 ca 
101 0 |a eng 
102 |a RU 
105 |a a j 001zy 
135 |a drgn ---uucaa 
181 0 |a i  
182 0 |a b 
200 1 |a Английский язык для специальных и академических целей. Книга для преподавателя  |b Электронный ресурс  |e учебно-методическое пособие  |d English for specific academic purposes (Business studies). Teacher's book  |f Н. А. Беленюк  |g Национальный исследовательский Томский политехнический университет (ТПУ) 
203 |a Текст  |c электронный 
210 |a Томск  |c Изд-во ТПУ  |d 2010 
230 |a 1 компьютерный файл (pdf; 531 KB) 
300 |a Заглавие с титульного экрана 
300 |a Электронная версия печатной публикации 
330 |a Книга для преподавателя предлагает полное описание целей и задач каждого раздела, методические комментарии и рекомендации по использованию материала. Пособие содержит практический материал по курсу «Английский язык для специальных и академических целей» и предназначен для студентов экономических специальностей (уровень В2 и выше). 
333 |a Режим доступа: из корпоративной сети ТПУ 
337 |a Adobe Reader 
452 1 |0 (RuTPU)RU\TPU\book\206285  |t Английский язык для специальных и академических целей. Книга для преподавателя  |o учебно-методическое пособие  |f Н. А. Беленюк  |g Национальный исследовательский Томский политехнический университет (ТПУ)  |c Томск  |n Изд-во ТПУ  |d 2010  |p 70 с.  |a Беленюк, Наталья Александровна 
510 1 |a English for specific academic purposes (Business studies). Teacher's book  |z eng 
606 1 |a Английский язык  |x Учебные руководства и пособия  |x Учебные руководства и пособия для высшей школы  |2 stltpush  |3 (RuTPU)RU\TPU\subj\29071  |9 52483 
606 1 |a Английский язык  |x Учебные руководства и пособия  |x Методика преподавания  |2 stltpush  |3 (RuTPU)RU\TPU\subj\29080 
610 1 |a электронный ресурс 
610 1 |a труды учёных ТПУ 
610 1 |a учебные пособия 
610 1 |a лексика 
610 1 |a тесты 
610 1 |a преподавание 
610 1 |a методика 
686 |a Ш143.21-923  |2 rubbk 
686 |a Ш143.21-91  |2 rubbk 
700 1 |a Беленюк  |b Н. А.  |c лингвист  |c доцент Томского политехнического университета, кандидат педагогических наук  |f 1980-  |g Наталья Александровна  |2 stltpush  |3 (RuTPU)RU\TPU\pers\27611 
712 0 2 |a Национальный исследовательский Томский политехнический университет (ТПУ)  |c (2009- )  |2 stltpush  |3 (RuTPU)RU\TPU\col\15902 
801 1 |a RU  |b 63413507  |c 20110421 
801 2 |a RU  |b 63413507  |c 20150713  |g RCR 
856 4 |u http://www.lib.tpu.ru/fulltext2/m/2011/m136.pdf 
942 |c CF